|
|
|
|
| LEADER |
00000nam a22000007a 4500 |
| 003 |
cru CIDCACS/IIS |
| 005 |
20240110151955.0 |
| 008 |
240110b |||||||| |||| 00| 0 spa d |
| 040 |
|
|
|c cru CIDCACS/IIS
|
| 090 |
|
|
|a REV1381
|
| 245 |
|
|
|a Ciencias Sociales /
|c Universidad de Buenos Aires. Facultad de Ciencias Sociales
|
| 260 |
|
|
|a Buenos Aires, Argentina :
|b UBA,
|
| 500 |
|
|
|a EXISTENCIAS : 1992 (10, 12) 1994 (17-20) 1995 (21-24) 1996 (25-26) 1998 (35) 2000 (41, 42)
|
| 650 |
|
0 |
|a UNIVERSIDADES
|9 311
|
| 650 |
|
0 |
|a DOCENTES
|9 3386
|
| 650 |
|
0 |
|a CIENCIAS SOCIALES
|9 75
|
| 650 |
|
0 |
|a ASPECTOS SOCIALES
|9 632
|
| 651 |
|
0 |
|a AMERICA LATINA
|9 17
|
| 942 |
|
|
|c PP
|2 ddc
|
| 999 |
|
|
|c 45440
|d 45440
|